Разработка методики оценки процесса на основе интегрированного решения Business studio и 1С: Предприятие; Информационные технологии в науке, управлении, социальной сфере и медицине

Detalhes bibliográficos
Parent link:Информационные технологии в науке, управлении, социальной сфере и медицине.— 2015.— [С. 222-224]
Autor principal: Федорова Ю. В.
Autor Corporativo: Национальный исследовательский Томский политехнический университет (ТПУ) Институт кибернетики (ИК) Кафедра автоматики и компьютерных систем (АИКС)
Outros Autores: Вичугова А. А. Анна Александровна
Resumo:Заглавие с титульного экрана
Incorrect assessment of business-processes makes optimization and automation of it more complex and ineffective. This article is about a method that helps create planned indicators of processes and allows compare it with fact online.
Idioma:russo
Publicado em: 2015
coleção:Информационные системы и технологии
Assuntos:
Acesso em linha:http://earchive.tpu.ru/handle/11683/17340
http://www.lib.tpu.ru/fulltext/c/2015/C24/099.pdf
Formato: MixedMaterials Recurso Eletrônico Capítulo de Livro
KOHA link:https://koha.lib.tpu.ru/cgi-bin/koha/opac-detail.pl?biblionumber=613812

MARC

LEADER 00000naa2a2200000 4500
001 613812
005 20231101132757.0
035 |a (RuTPU)RU\TPU\conf\11969 
035 |a RU\TPU\conf\11967 
090 |a 613812 
100 |a 20150901d2015 k y0rusy50 ca 
101 0 |a rus  |d eng 
102 |a RU 
105 |a y z 101zy 
135 |a drcn ---uucaa 
181 0 |a i  
182 0 |a b 
200 1 |a Разработка методики оценки процесса на основе интегрированного решения Business studio и 1С: Предприятие  |d Development of method of assessment of process on the base of integrated solution of Business studio and 1C  |f Ю. В. Федорова, А. А. Вичугова 
203 |a Текст  |c электронный 
225 1 |a Информационные системы и технологии 
230 |a 1 компьютерный файл (pdf; 733 Kb) 
300 |a Заглавие с титульного экрана 
320 |a [Библиогр.: с. 224 (1 назв.)] 
330 |a Incorrect assessment of business-processes makes optimization and automation of it more complex and ineffective. This article is about a method that helps create planned indicators of processes and allows compare it with fact online. 
337 |a Adobe Reader 
463 0 |0 (RuTPU)RU\TPU\conf\11725  |t Информационные технологии в науке, управлении, социальной сфере и медицине  |o сборник научных трудов II Международной конференции, 19-22 мая 2015 г., Томск  |f Национальный исследовательский Томский политехнический университет (ТПУ) ; ред. кол. О. Г. Берестнева [и др.]  |v [С. 222-224]  |d 2015 
510 1 |a Development of method of assessment of process on the base of integrated solution of Business studio and 1C  |z eng 
610 1 |a труды учёных ТПУ 
610 1 |a электронный ресурс 
610 1 |a 1С: Предприятие 
610 1 |a имитационное моделирование 
610 1 |a бизнес-процессы 
610 1 |a менеджмент 
610 1 |a автоматизированные методы 
700 1 |a Федорова  |b Ю. В. 
701 1 |a Вичугова  |b А. А.  |c специалист в области информатики и вычислительной техники  |c ассистент Томского политехнического университета  |f 1986-  |g Анна Александровна  |2 stltpush  |3 (RuTPU)RU\TPU\pers\28982 
712 0 2 |a Национальный исследовательский Томский политехнический университет (ТПУ)  |b Институт кибернетики (ИК)  |b Кафедра автоматики и компьютерных систем (АИКС)  |h 125  |2 stltpush  |3 (RuTPU)RU\TPU\col\18698 
801 2 |a RU  |b 63413507  |c 20210129  |g RCR 
856 4 |u http://earchive.tpu.ru/handle/11683/17340 
856 4 |u http://www.lib.tpu.ru/fulltext/c/2015/C24/099.pdf 
942 |c BK